000 00585nam a2200169Ia 4500
008 090711s9999 xx 000 0 und d
082 _b358
100 _aबेडेकर मालतीबाई
245 _aमनस्विनीSां िंSाात्न
260 _c1969
300 _a101
600 _aबेडेकर मालतीबाई
630 _aमनस्विनीSां िंSाात्न
700 _aबेडेकर मालतीबाई
730 _aमनस्विनीSां िंSाात्न
942 _cBOOK
999 _c292820
_d292820